Natumaleza cubana /
Obra que aborda la destrucción que sufre la naturaleza cubana como parte de las políticas ambiental y económica del gobierno de la isla tras la revolución. Dice el autor que no es error de imprenta que el libro se titule NatuMaleza: el entorno natural ha ido cediendo terreno a la maleza. Revisa la s...
Uloženo v:
| Hlavní autor: | |
|---|---|
| Další autoři: | |
| Médium: | Kniha |
| Jazyk: | španělština |
| Vydáno: |
Miami, EUA :
Universal,
1998, c1998
|
| Edice: | (Cuba y sus Jueces)
|
| Témata: | |
| Tagy: |
Žádné tagy, Buďte první, kdo vytvoří štítek k tomuto záznamu!
|
MARC
| LEADER | 00000nam^a2200000^a^4500 | ||
|---|---|---|---|
| 001 | 000154410 | ||
| 005 | 20250521000000.0 | ||
| 009 | 20260310100354.493 | ||
| 020 | |a 0-89729-866-7866-7 | ||
| 037 | |a Acervo ITESO - Biblioteca | ||
| 041 | |a ESP | ||
| 082 | |a 574. 5097291064 |b WOT | ||
| 100 | |a Wotzkow, Carlos |e (autor) | ||
| 245 | 1 | 0 | |a Natumaleza cubana / |c C. Wotzkow ; pról. de G. Cabrera Infante. |
| 264 | 4 | |a Miami, EUA : |b Universal, |c 1998, c1998 | |
| 300 | |a 294 p. | ||
| 336 | |a texto |b txt |2 rdacontenido | ||
| 337 | |a sin mediación |b n |2 rdamedio | ||
| 338 | |a volumen |b nc |2 rdasoporte | ||
| 440 | 1 | |a (Cuba y sus Jueces) | |
| 520 | |a Obra que aborda la destrucción que sufre la naturaleza cubana como parte de las políticas ambiental y económica del gobierno de la isla tras la revolución. Dice el autor que no es error de imprenta que el libro se titule NatuMaleza: el entorno natural ha ido cediendo terreno a la maleza. Revisa la situación actual de los suelos, el aire, las aguas, los bosques y la fauna. | ||
| 649 | |a XX | ||
| 650 | |a Flora - |z Cuba | ||
| 650 | |a Fauna - |z Cuba | ||
| 650 | |a Tierras Forestales - |z Cuba | ||
| 650 | |a Erosión - |z Cuba | ||
| 650 | |a Deforestación - |z Cuba | ||
| 650 | |a Recursos Naturales - |z Cuba | ||
| 650 | |a Biodiversidad - |z Cuba | ||
| 650 | |a Ecosistemas - |z Cuba | ||
| 650 | |a Agua - |x Contaminación | ||
| 650 | |a Contaminación Ambiental | ||
| 650 | |a Uso del Suelo - |z Cuba | ||
| 650 | |a Riesgo Ambiental - |z Cuba | ||
| 650 | |a Medio Ambiente - |z Cuba | ||
| 650 | |a Conservación y Protección Ambiental - |z Cuba | ||
| 650 | |a Política Ambiental - |z Cuba | ||
| 650 | |a Calidad Ambiental - |z Cuba | ||
| 650 | |a Botánica | ||
| 650 | |a Ecología - |z Cuba - |x Historia - |y 1959- | ||
| 650 | |a Biología | ||
| 700 | |a Cabrera Infante, Guillermo |e (prólogo) | ||
| 910 | |a Fondo General | ||
| 920 | |a Impresos - Libros | ||
| 930 | |a Colección General | ||
| 905 | |a 101 | ||
| 901 | |a 0500085969 |b IT1 |c ACC |u 20250521 | ||
| 902 | |a https://opac.biblio.iteso.mx/vufind/Record/000154410 | ||